[Event "Division Honor  - Descenso"]
[Site "?"]
[Date "2017.04.08"]
[Round "10.23"]
[White "Lamas Mercadal, Manuel"]
[Black "Palacios Herrero, Pablo"]
[Result "1-0"]
[WhiteElo "2108"]
[BlackElo "2095"]
[PlyCount "125"]
[EventDate "2017.02.25"]
[WhiteTeam "Delicias"]
[BlackTeam "Palacio de Pioneros"]

1. b3 e5 2. Bb2 Nc6 3. e3 d5 4. Bb5 Bd6 5. f4 f6 6. Qh5+ g6 7. Qh4 Bd7 8. Nf3
exf4 9. Nc3 Nb4 10. Bxd7+ Qxd7 11. O-O-O Ne7 12. Qxf6 O-O-O 13. Ne5 Bxe5 14.
Qxe5 fxe3 15. dxe3 Nbc6 16. Qg5 h6 17. Qg3 Nf5 18. Qf3 Qe6 19. Nxd5 Rhe8 20.
Rhe1 Nh4 21. Qh3 Qxh3 22. gxh3 Ng2 23. Re2 Rxd5 24. Rxd5 Nf4 25. Rdd2 Nxe2+ 26.
Rxe2 Re4 27. Kd2 Kd7 28. Rg2 Re6 29. Rf2 Ne7 30. Rf7 Kc6 31. c4 Nf5 32. Rf6 Kd7
33. Rxe6 Kxe6 34. e4 Nd6 35. Ke3 c5 36. Bg7 Nf7 37. Kf4 b6 38. a4 h5 39. Bc3
Kd6 40. a5 Ke6 41. a6 Kd6 42. Bg7 Ke6 43. Bc3 Nd6 44. Be1 b5 45. cxb5 Nxb5 46.
Bf2 Kd6 47. Kg5 Nd4 48. Bxd4 cxd4 49. Kf4 g5+ 50. Kf3 Ke5 51. b4 g4+ 52. hxg4
hxg4+ 53. Ke2 Kxe4 54. b5 d3+ 55. Kd2 Kf3 56. b6 axb6 57. a7 Kg2 58. a8=Q+ Kxh2
59. Qh8+ Kg2 60. Kxd3 g3 61. Ke3 Kg1 62. Kf3 g2 63. Qg7 1-0

[Event "Division Honor  - Descenso"]
[Site "?"]
[Date "2017.04.08"]
[Round "10.24"]
[White "Dan, Teodor"]
[Black "Neila Castillo, Miguel Angel"]
[Result "1-0"]
[WhiteElo "2068"]
[BlackElo "2115"]
[PlyCount "57"]
[EventDate "2017.02.25"]
[WhiteTeam "Palacio de Pioneros"]
[BlackTeam "Delicias"]

1. d4 Nf6 2. Nf3 d5 3. e3 c5 4. c4 e6 5. Nc3 Nc6 6. a3 cxd4 7. exd4 Be7 8. Bd3
dxc4 9. Bxc4 O-O 10. O-O a6 11. Qd3 b5 12. Ba2 e5 13. d5 b4 14. Ne4 Bb7 15.
Nxf6+ Bxf6 16. Bb1 g6 17. dxc6 Qxd3 18. Bxd3 Bxc6 19. Nd2 bxa3 20. Rxa3 a5 21.
Be4 Bxe4 22. Nxe4 Be7 23. Rd3 f5 24. Nc3 Kf7 25. Rd7 Ke6 26. Rfd1 h5 27. Nb5
Rac8 28. Nc7+ Kf6 29. Nd5+ 1-0

[Event "Ascenso y Descenso Preferente"]
[Site "Aragon"]
[Date "2017.04.08"]
[Round "10.25"]
[White "Sierra Aguerri, Joaquin"]
[Black "Veras Sanz, Marino"]
[Result "1/2-1/2"]
[WhiteElo "2085"]
[BlackElo "2044"]
[PlyCount "123"]
[EventDate "2017.04.08"]
[WhiteTeam "Tauste"]
[BlackTeam "El Olivar B"]

1. e4 c5 2. Nc3 Nc6 3. f4 g6 4. Nf3 Bg7 5. Bb5 Nd4 6. O-O a6 7. Bc4 e6 8. d3
Ne7 9. Nxd4 cxd4 10. Ne2 d5 11. Bb3 O-O 12. e5 Nc6 13. Qe1 f6 14. exf6 Bxf6 15.
f5 exf5 16. Nf4 Ne7 17. Ne6 Bxe6 18. Qxe6+ Kg7 19. Bf4 Qc8 20. Qe1 Qd7 21. Qg3
Nc6 22. Qf3 Rad8 23. a3 Rfe8 24. Rae1 Ne5 25. Bxe5 Bxe5 26. Re2 Qd6 27. g3 h5
28. Rfe1 b5 29. Kg2 Re7 30. a4 b4 31. a5 Rdd7 32. Qf2 Bf6 33. Rxe7+ Rxe7 34.
Rxe7+ Qxe7 35. Kf1 Qe3 36. Qxe3 dxe3 37. Bxd5 Bxb2 38. Bb7 g5 39. Bxa6 f4 40.
Bb7 Kf6 41. Ke2 Bd4 42. Bc6 Ke5 43. Be8 h4 44. gxh4 gxh4 45. h3 Ba7 46. Ba4 Kd4
47. Bc6 Kc3 48. Kd1 Kb2 49. Bf3 Kc3 50. Be2 Kd4 51. a6 Bb6 52. Kc1 Kc5 53. Bf3
Kb5 54. Bb7 Kc5 55. Bf3 Kb5 56. Bb7 Bd4 57. Kd1 Ba7 58. Kc1 Kc5 59. Bf3 Kd4 60.
Be2 Kc3 61. Kd1 Kd4 62. Kc1 1/2-1/2

[Event "Ascenso y Descenso Preferente"]
[Site "Aragon"]
[Date "2017.04.08"]
[Round "10.26"]
[White "Bayod Rubia, Angel"]
[Black "Fernandez Rubio, Rafael"]
[Result "0-1"]
[WhiteElo "2014"]
[BlackElo "2079"]
[PlyCount "134"]
[EventDate "2017.04.08"]
[WhiteTeam "El Olivar B"]
[BlackTeam "Tauste"]

1. e4 d6 2. d4 Nf6 3. Nc3 Nbd7 4. Nf3 e5 5. Bc4 Be7 6. O-O O-O 7. Re1 c6 8. h3
b5 9. Bd3 a6 10. Ne2 Re8 11. Ng3 Bb7 12. c3 Qc7 13. Bg5 h6 14. Bd2 Rad8 15. a4
Nb6 16. axb5 axb5 17. b3 Bf8 18. Nh4 b4 19. Qc2 exd4 20. cxd4 c5 21. Bxb4 Rc8
22. Ba5 Nfd7 23. d5 Ra8 24. Bb5 Rxa5 25. Rxa5 Nxd5 26. Rea1 Nb4 27. Qd1 Rb8 28.
Bxd7 Qxd7 29. Nf3 Qc6 30. Qe2 Bc8 31. Nd2 Nc2 32. R1a4 Nd4 33. Qd3 Be6 34. Ra6
Qc8 35. b4 Bd7 36. bxc5 dxc5 37. Qc4 Bb5 38. Qa2 Nc6 39. Ra8 Bxa4 40. Rxa4 Nb4
41. Qa1 Qd7 42. Nf3 f6 43. e5 fxe5 44. Nxe5 Qd5 45. Nf3 Be7 46. Ra7 Bf6 47. Qa4
c4 48. Rd7 Qc6 49. Qa7 Ra8 50. Qc7 Qxc7 51. Rxc7 c3 52. Ne2 c2 53. Rc4 Ra1+ 54.
Kh2 Rb1 55. g3 Rb2 56. Nc1 Kf7 57. Kg2 Ke6 58. h4 Kd5 59. Rc8 Nc6 60. Ne1 Bc3
61. Ned3 Rb1 62. Rc7 Kd6 63. Rf7 Bd2 64. Ne2 Rb3 65. Ndc1 Bxc1 66. Nxc1 Rb1 67.
Nd3 Ne5 0-1

[Event "Ascenso y Descenso Preferente"]
[Site "Aragon"]
[Date "2017.04.08"]
[Round "10.27"]
[White "Sancho Casale, Jesus"]
[Black "Sanmartin Agustin, Borja"]
[Result "0-1"]
[WhiteElo "1981"]
[BlackElo "1981"]
[PlyCount "118"]
[EventDate "2017.04.08"]
[WhiteTeam "Tauste"]
[BlackTeam "El Olivar B"]

1. Nf3 Nf6 2. c4 c5 3. g3 d6 4. Bg2 Nc6 5. O-O g6 6. b3 Bg7 7. Bb2 O-O 8. Nc3
a6 9. Rc1 Bg4 10. h3 Bf5 11. d3 b5 12. e4 Bd7 13. Qd2 Qa5 14. Nd5 Qxd2 15. Nxd2
Nxd5 16. exd5 Bxb2 17. Rc2 Nb4 18. Rxb2 Nxd3 19. Rbb1 bxc4 20. Nxc4 Bb5 21.
Rfd1 Bxc4 22. bxc4 Ne5 23. Rb7 Nxc4 24. Bf1 Na3 25. Rxe7 Rfe8 26. Rxe8+ Rxe8
27. Bxa6 Ra8 28. Be2 Ra4 29. Kh2 Nc2 30. Rd2 Nd4 31. Bd1 Ra3 32. Kg2 Kg7 33. f4
Kf6 34. g4 Ke7 35. Rxd4 cxd4 36. Bb3 Kf6 37. Kf3 g5 38. Ke4 gxf4 39. Kxf4 h5
40. gxh5 d3 41. Ke3 Kg5 42. Kxd3 Kxh5 43. Ke4 Kg5 44. h4+ Kg4 45. Ke3 f5 46. h5
f4+ 47. Ke4 Ra7 48. Bd1+ Kg5 49. a4 Re7+ 50. Kd4 Re1 51. Bf3 Ra1 52. Be2 Rxa4+
53. Kd3 Ra3+ 54. Kd4 f3 55. Bd1 Kxh5 56. Kc4 Kg4 57. Kb5 Ra1 58. Bxf3+ Kxf3 59.
Kc6 Ke4 0-1

[Event "Ascenso y Descenso Preferente"]
[Site "Aragon"]
[Date "2017.04.08"]
[Round "10.28"]
[White "Arinez Bruna, Octavio"]
[Black "Muro Turon, Raul"]
[Result "1/2-1/2"]
[WhiteElo "1890"]
[BlackElo "1935"]
[PlyCount "104"]
[EventDate "2017.04.08"]
[WhiteTeam "El Olivar B"]
[BlackTeam "Tauste"]

1. c4 e5 2. g3 Nc6 3. Bg2 Nf6 4. Nc3 Bb4 5. Nd5 a5 6. e3 O-O 7. Ne2 d6 8. a3
Bc5 9. O-O Nxd5 10. cxd5 Ne7 11. d4 exd4 12. Nxd4 Nf5 13. Nxf5 Bxf5 14. Bd2 Qd7
15. b4 axb4 16. axb4 Bb6 17. Bc3 Rfe8 18. Qh5 Bg6 19. Qg5 Qf5 20. Qxf5 Bxf5 21.
Rxa8 Rxa8 22. Ra1 Rxa1+ 23. Bxa1 f6 24. Kf1 Bd3+ 25. Ke1 Kf7 26. Kd2 Bb5 27.
Be4 c6 28. dxc6 bxc6 29. Bd3 Bxd3 30. Kxd3 Ke6 31. f3 g6 32. g4 f5 33. h3 fxg4
34. fxg4 Bd8 35. Bd4 Bh4 36. Ke4 Be7 37. Kd3 d5 38. Bc3 Bd6 39. e4 Bg3 40. Ke3
Bh2 41. Kf3 Bg1 42. Kf4 d4 43. Bd2 Bh2+ 44. Kf3 Bd6 45. Ke2 Be7 46. Kd3 Ke5 47.
Be1 c5 48. Bg3+ Ke6 49. bxc5 Bxc5 50. Bf2 Ke5 51. Bg3+ Ke6 52. Bf2 Ke5 1/2-1/2

[Event "Ascenso y Descenso Preferente"]
[Site "Aragon"]
[Date "2017.04.08"]
[Round "10.30"]
[White "Puertolas Serena, Arturo"]
[Black "Cajo Esteban, Ruben"]
[Result "1/2-1/2"]
[WhiteElo "1832"]
[BlackElo "1867"]
[PlyCount "49"]
[EventDate "2017.04.08"]
[WhiteTeam "L'Aurora Estadilla B"]
[BlackTeam "Dr. Azua"]

1. d4 d5 2. Nf3 Nf6 3. e3 Bf5 4. Bd3 Bxd3 5. Qxd3 c6 6. b3 e6 7. O-O Nbd7 8.
Nbd2 Be7 9. Bb2 O-O 10. c4 c5 11. Ne5 dxc4 12. Ndxc4 Nxe5 13. Nxe5 Nd7 14. Nxd7
Qxd7 15. Rfd1 Rfd8 16. Qe2 Qe8 17. dxc5 Bxc5 18. Qg4 Bf8 19. h4 Rxd1+ 20. Rxd1
Rd8 21. Rd4 Rxd4 22. Qxd4 a6 23. h5 h6 24. g4 Qe7 25. Qf4 1/2-1/2

[Event "Ascenso y Descenso Preferente"]
[Site "Aragon"]
[Date "2017.04.08"]
[Round "10.31"]
[White "Solera Sanchez, Roberto"]
[Black "Landa Galindo, Victor"]
[Result "1-0"]
[WhiteElo "1822"]
[BlackElo "1811"]
[PlyCount "77"]
[EventDate "2017.04.08"]
[WhiteTeam "Dr. Azua"]
[BlackTeam "L'Aurora Estadilla B"]

1. d4 Nf6 2. g3 g6 3. Bg2 Bg7 4. c4 O-O 5. Nc3 c5 6. Nf3 d6 7. O-O Nc6 8. dxc5
dxc5 9. Be3 Be6 10. Bxc5 Qa5 11. Be3 Bxc4 12. Nd2 Rfd8 13. Bxc6 bxc6 14. Nxc4
Qh5 15. Qe1 Ng4 16. h4 Bf6 17. Kg2 Rab8 18. f3 Nxe3+ 19. Nxe3 Rxb2 20. Ne4 Bg7
21. Rc1 Qb5 22. Rc2 Rb8 23. Qc1 Qa4 24. Rxb2 Rxb2 25. Qc4 Qa3 26. Nc2 Qxa2 27.
Qxa2 Rxa2 28. Nb4 Rxe2+ 29. Rf2 Rxf2+ 30. Kxf2 c5 31. Nc6 c4 32. Nxe7+ Kf8 33.
Nc6 f5 34. Ng5 c3 35. Ke2 h6 36. Ne6+ Kf7 37. Nxg7 a6 38. Nxf5 gxf5 39. Kd3 1-0

[Event "Ascenso y Descenso Preferente"]
[Site "Aragon"]
[Date "2017.04.08"]
[Round "10.32"]
[White "Coronas Cambra, Luis"]
[Black "Garcia Garcia, Enrique"]
[Result "0-1"]
[WhiteElo "1604"]
[BlackElo "1709"]
[PlyCount "58"]
[EventDate "2017.04.08"]
[WhiteTeam "L'Aurora Estadilla B"]
[BlackTeam "Dr. Azua"]

1. c4 c5 2. Nc3 Nc6 3. g3 g6 4. d3 Bg7 5. Bd2 e6 6. Bg2 Nge7 7. Nf3 O-O 8. O-O
d5 9. cxd5 exd5 10. Rb1 Re8 11. Re1 Nf5 12. a3 b6 13. b4 cxb4 14. axb4 Bb7 15.
Qb3 d4 16. Na4 Rc8 17. b5 Nce7 18. Ng5 Bd5 19. Bxd5 Nxd5 20. Nf3 Qd6 21. Nb2
Nc3 22. Nc4 Qd7 23. Rb2 Nxe2+ 24. Kf1 Nc3 25. Ng5 Rxe1+ 26. Bxe1 Qd5 27. Kg1
Re8 28. Ne4 Nxe4 29. Re2 Nf6 0-1